Statistiken für Berühmte Schweizer und Österreicher

Klicken Sie hier um das Quiz zu spielen!

Allgemein

  • Dieses Quiz wurde 1,866 mal gespielt
  • Das Durchschnittsergebnis liegt bei 12 aus 21

Antwortstatistiken

Hinweis Antwort % Korrekt
Komponist, der in Salzburg
geboren wurde
Wolfgang Amadeus
Mozart
99%
Bodybuilder und GouverneurArnold
Schwarzenegger
93%
Ziegenhütendes Mädchen der AlpenHeidi
88%
Begründer der PsychoanalyseSigmund Freud
86%
Narbiger Formel-1-FahrerNiki Lauda
86%
"Rock Me Amadeus"Falco
81%
Volksheld und ApfelschiesserWilhelm Tell
79%
20-facher Grand-Slam-GewinnerRoger Federer
73%
Seine Ermordung löste den
1. Weltkrieg aus
Franz Ferdinand
71%
Guillotinierte Frau Louis des XVI.Marie Antoinette
58%
Schauspieler, bekannt aus SpectreChristoph Waltz
51%
Doktor, welcher einen künstlichen
Menschen erschaffen hat
Viktor
Frankenstein
50%
e = 2,71828...Leonhard Euler
48%
"An der schönen blauen Donau"Johann Strauss II
43%
Er wird "Vater der Sinfonie" genanntJoseph Haydn
34%
Symbolistischer Maler des "Kusses"Gustav Klimt
33%
Das erste Bond-GirlUrsula Andress
27%
Gründer des Roten KreuzesHenry Dunant
27%
Geboren in der Slowakei,
hat 5 Grand-Slams gewonnen
Martina Hingis
22%
Genfer PhilosophJean-Jacques
Rousseau
15%
Mononymischer Pionier der
modernen Architektur
Le Corbusier
10%

Verteilung der Resultate

Perzentil nach korrekt beantworteten Fragen

Anzahl Personen mit jedem Resultat

Ihre Resultats-Entwicklung

Sie haben dieses Quiz noch nicht gespielt